00354pab a2200133 454500008004000000100002000040245005600060260000900116300001400125650001500139700001800154700002200172773002600194180718b2005 xxu||||| |||| 00| 0 eng d aPage, Edward C. aIs competency management a passing FAD?: conclusion c2005 ap.853-60. aManagement aLodge, Martin aHood, Christopher aPublic Administration